Mordecai Richler /

Bibliographic Details
Main Author: Vassanji, M. G.
Format: Book
Language:English
Published: Toronto : Penguin Canada, 2009.
Series:Extraordinary Canadians.
Subjects:

MARC

Tag First Indicator Second Indicator Subfields
LEADER 00000cam a2200000 a 4500
001 in00002446513
005 20151111043808.0
008 090128s2009 onc b 000 0beng
020 |a 9780670066728 
020 |a 0670066729 
035 |a (OCoLC)ocn305100435 
040 |a NLC  |b eng  |c NLC  |d CDX  |d VP@  |d TXA  |d UtOrBLW 
049 |a TXAM 
055 0 2 |a PS8535* 
055 0 |a PS8535 I38  |b Z88 2009 
055 0 0 |a PS8535 I38  |b Z88 2009 
082 0 |a C813/.54  |2 22 
090 |a PR9199.3.R5  |b Z88 2009 
100 1 |a Vassanji, M. G. 
245 1 0 |a Mordecai Richler /  |c by M.G. Vassanji ; with an introduction by John Ralston Saul. 
264 1 |a Toronto :  |b Penguin Canada,  |c 2009. 
300 |a xiii, 236 pages ;  |c 21 cm. 
336 |a text  |b txt  |2 rdacontent 
337 |a unmediated  |b n  |2 rdamedia 
338 |a volume  |b nc  |2 rdacarrier 
490 1 |a Extraordinary Canadians 
504 |a Includes bibliographical references. 
600 1 0 |a Richler, Mordecai,  |d 1931-2001. 
650 0 |a Jewish authors  |z Canada  |v Biography. 
830 0 |a Extraordinary Canadians. 
945 |a PromptCat 
948 |a cataloged  |b h  |c 2009/7/31  |d c  |e dmitchel  |f 11:20:10 am 
994 |a C0  |b TXA 
999 |a MARS 
999 f f |s 3923f7f8-7e70-34a3-94ab-b6f459e589fd  |i 822d4650-c420-315d-be4c-bda8059d3a51  |t 0 
952 f f |p normal  |a Texas A&M University  |b College Station  |c Sterling C. Evans Library  |d Evans: Library Stacks  |t 0  |e PR9199.3.R5 Z88 2009  |h Library of Congress classification  |i unmediated -- volume  |m A14839924270 
998 f f |a PR9199.3.R5 Z88 2009  |t 0  |l Evans: Library Stacks